Aspectos generales del sistema de protección implícita "vrs" el seguro de depósito /
Gardado en:
| Autor Principal: | |
|---|---|
| Outros autores: | |
| Formato: | Texto |
| Etiquetas: |
Engadir etiqueta
Sen Etiquetas, Sexa o primeiro en etiquetar este rexistro!
|
MARC
| LEADER | 00000 a a2200000 04500 | ||
|---|---|---|---|
| 001 | 2997 | ||
| 003 | |||
| 040 | |||
| 100 | |a Vindas Sánchez, Katia | ||
| 245 | |a Aspectos generales del sistema de protección implícita "vrs" el seguro de depósito / |c Katia Vindas Sánchez | ||
| 700 | |a Durán Víquez, Rodolfo | ||
| 773 | |g volumen 17, número 2; páginas 5-23 | ||
| 999 | |c 26944 |d 26944 | ||
